| 000 | 00925nam a22002175i 4500 | ||
|---|---|---|---|
| 001 | 151777 | ||
| 003 | ES-MaACL | ||
| 005 | 20250902000738.0 | ||
| 008 | 031010s1859 fr |||| | fre d | ||
| 040 |
_aCCPB | B _bspa _cCCPB | B |
||
| 100 | 1 |
_aBédarride, Jossuda. _9126257 |
|
| 245 | 1 | 0 |
_aDroit commercial _b: commentaire du Code de Commerce : livre II du commerce maritime / _cpar J. Bédarride. |
| 260 |
_aParis : _bchez Durand, libraire, _c1859 ( _eAix : _fTyp. Remondet-Aubit) |
||
| 300 |
_a5 v. (448; 487; 429; 486; 481 p.) ; _c22 cm. |
||
| 650 | 4 |
_aDerecho mercantil- _zFrancia. _9135893 |
|
| 650 | 7 |
_aComercio marítimo _2 _9135798 |
|
| 752 |
_aFrancia - _dParís |
||
| 752 |
_aFrancia - _dAix |
||
| 852 |
_aES-MaACL _jG-14182-14186 _z-- Enc. hol. _x-- Edic.: El tit. es: "Du commerce maritime / par J. Bédarride" -- La serie es: (Droit commercial. Commentaire du Code de Commerce) |
||
| 999 |
_c151777 _d151777 |
||